Jornadas de puertas abiertas del Laboratorio Central de Estructuras y Materiales(Octubre 1981)

Gorde:
Xehetasun bibliografikoak
Formatua: Liburua
Hizkuntza:Spanish
Argitaratua: Madrid, España: Centro de Estudios y Experimentación de Obras Públicas. Departamento de Información y Documentación 1982
Saila:Documentos.
Etiketak: Etiketa erantsi
Etiketarik gabe, Izan zaitez lehena erregistro honi etiketa jartzen!

MARC

LEADER 00000nam a2200000Ia 4500
003 MV0107
005 20221231144003.0
008 140114s1981 sp a 000 ||spa d
040 |c cru CEDI 
090 |a MV 107 
245 |a Jornadas de puertas abiertas del Laboratorio Central de Estructuras y Materiales(Octubre 1981)  
260 |a Madrid, España: Centro de Estudios y Experimentación de Obras Públicas. Departamento de Información y Documentación   |c 1982 
300 |a 48 páginas : ilustraciones  
440 |a Documentos.  |n D6  |9 21762 
942 |c MX 
999 |c 15217  |d 15217